00698cam a22002172 4500001001100000005001700011008004100028020001700069040001500086100003600101245010900137250001300246260003100259300001700290650005000307650003000357650002500387700003100412700003400443852000300477000002391820151217152251.0130416s xx 000 0 eng d a0199211043 : aKABUcKABU1 aRandle, Jacqueline.@000018370810aOxford handbook of clinical skills in adult nursing /cJacqueline Randle, Frank Coffey, Martyn Bradbury. a1st ed. aOxford :bO. U. P.,c2009. axiv, 679 p. 0aNursingxHandbooks, manuals, etc.@0000179268 0aNursing care.@0000179336 0aNursing.@00001558521 aCoffey, Frank.@00000815311 aBradbury, Martyn.@00001837091